000 00541cam a22001814a 4500
005 20250605164244.0
008 250528s ||||||||||||||||||||||||d
035 _a21447
040 _aGR-AtMCL
_bgre
_dGR-AtMCL
_eAACR2
245 1 _aΕΥΡΩΠΑΙΚΗ ΟΙΚΟΝΟΜΙΚΗ ΚΟΙΝΟΤΗΤΑ (Ε.Ο.Κ.) ΚΑΙ ΕΛΛΗΝΙΚΗ ΚΟΙΝΩΝΙΑ
250 _a1
260 _bΜαίανδρος,
_c1985
300 _a193
700 1 _aΘεοφιλου Μελετιος Δ
_97483
942 _cBK
999 _c6509
_d6509